A textbook of organic chemistry (for B.Sc. students) /

গ্রন্থ-পঞ্জীর বিবরন
প্রধান লেখক: Bahl, Arun
অন্যান্য লেখক: Bahl, B. S.
বিন্যাস: গ্রন্থ
ভাষা:English
প্রকাশিত: New Delhi : S. Chand, 2014.
বিষয়গুলি:
Classic Catalogue: View this record in Classic Catalogue
LEADER 02815nam a2200361 a 4500
001 29476
003 BD-DhAAL
008 150707r20141948ii a 001 0 eng d
999 |c 34956  |d 34956 
020 |a 8121926149 
040 |a BD-DhAAL  |c BD-DhAAL 
082 0 0 |a 547   |2 22 
100 1 |a Bahl, Arun  |9 12902 
245 1 2 |a A textbook of organic chemistry (for B.Sc. students) /  |c Arun Bahl, B. S. Bahl 
260 |a New Delhi :  |b S. Chand,   |c 2014. 
300 |a 1073 p. :  |b ill. graph. Darst. ;  |c 25 cm. 
500 |a Includes index. 
541 |e 29476 
650 0 |a Chemistry, Organic.  |9 12903 
650 0 |a Pharmacy.  |9 44195 
700 1 |a Bahl, B. S.  |9 12904 
852 1 |a Ayesha Abed Library   |c General Shelf. 
942 |2 ddc  |c BK  |0 5 
952 |0 0  |1 0  |2 ddc  |4 0  |6 547_000000000000000_BAH  |7 0  |9 54804  |a BRACUL  |b BRACUL  |c GEN  |d 2015-07-07  |e Karim International  |g 1250.00  |l 21  |m 173  |o 547 BAH  |p 3010029476  |q 2026-06-02  |r 2026-04-01  |s 2026-04-01  |t 1  |w 2015-07-07  |y BK 
952 |0 0  |1 0  |2 ddc  |4 0  |6 547_000000000000000_BAH  |7 0  |9 54805  |a BRACUL  |b BRACUL  |c GEN  |d 2015-07-07  |e Karim International  |g 1250.00  |l 16  |m 106  |o 547 BAH  |p 3010029477  |q 2023-05-02  |r 2020-02-11  |s 2020-02-11  |t 2  |w 2015-07-07  |y BK 
952 |0 0  |1 0  |2 ddc  |4 0  |6 547_000000000000000_BAH  |7 0  |9 54806  |a BRACUL  |b BRACUL  |c GEN  |d 2015-07-07  |e Karim International  |g 1250.00  |l 19  |m 147  |o 547 BAH  |p 3010029478  |r 2026-04-30  |s 2026-04-09  |t 3  |w 2015-07-07  |y BK 
952 |0 0  |1 0  |2 ddc  |4 0  |6 547_000000000000000_BAH  |7 0  |9 54807  |a PHR  |b PHR  |c GEN  |d 2015-07-07  |e Karim International  |g 1250.00  |l 5  |m 36  |o 547 BAH  |p 3010029479  |r 2017-05-30  |s 2017-04-03  |t 4  |w 2015-07-07  |y BK 
952 |0 0  |1 0  |2 ddc  |4 0  |6 547_000000000000000_BAH  |7 0  |9 54808  |a BRACUL  |b BRACUL  |c GEN  |d 2015-07-07  |e Karim International  |g 1250.00  |l 14  |m 130  |o 547 BAH  |p 3010029480  |q 2026-05-20  |r 2026-03-31  |s 2026-03-31  |t 5  |w 2015-07-07  |y BK 
952 |0 0  |1 0  |2 ddc  |4 0  |6 547_000000000000000_BAH  |7 0  |9 54809  |a BRACUL  |b BRACUL  |c GEN  |d 2015-07-07  |e Karim International  |g 1250.00  |l 28  |m 156  |o 547 BAH  |p 3010029481  |q 2026-05-14  |r 2026-02-25  |s 2026-02-25  |t 6  |w 2015-07-07  |y BK 
952 |0 0  |1 4  |2 ddc  |4 0  |6 547_000000000000000_BAH  |7 0  |9 54810  |a BRACUL  |b BRACUL  |c GEN  |d 2015-07-07  |e Karim International  |g 1250.00  |l 12  |m 52  |o 547 BAH  |p 3010029482  |r 2018-09-11  |s 2018-05-23  |t 7  |w 2015-07-07  |y BK  |x Koha Inventory 2020 
952 |0 0  |1 4  |2 ddc  |4 0  |6 547_000000000000000_BAH  |7 0  |9 54811  |a BRACUL  |b BRACUL  |c GEN  |d 2015-07-07  |e Karim International  |g 1250.00  |l 6  |m 56  |o 547 BAH  |p 3010029483  |r 2018-05-09  |s 2018-04-04  |t 8  |w 2015-07-07  |y BK  |x Koha Inventory 2020 
952 |0 0  |1 0  |2 ddc  |4 0  |6 547_000000000000000_BAH  |7 0  |9 54812  |a BRACUL  |b BRACUL  |c GEN  |d 2015-07-07  |e Karim International  |g 1250.00  |l 27  |m 105  |o 547 BAH  |p 3010029484  |q 2026-06-02  |r 2026-04-09  |s 2026-04-09  |t 9  |w 2015-07-07  |y BK 
952 |0 0  |1 0  |2 ddc  |4 0  |6 547_000000000000000_BAH  |7 0  |9 54813  |a BRACUL  |b BRACUL  |c GEN  |d 2015-07-07  |e Karim International  |g 1250.00  |l 19  |m 155  |o 547 BAH  |p 3010029485  |q 2026-06-02  |r 2026-05-18  |s 2026-05-18  |t 10  |w 2015-07-07  |y BK